000 00788cam a2200265 4500
008 090401t1998 xxu||||| |||| 00| 0 eng d
020 _a1860811930
035 _a(Sirsi) u84471
041 _aeng
050 _a693.5
100 _aCollins, R. J.
245 _aMagnesian limestone aggregate in concrete : performance ; durability ; testing ; European standards.
260 _aLondon
_bConstruction Research Communications Ltd
_c1998
300 _a6p. ; 30cm.
350 _a0
490 _aBRE Information Paper
_vIP 1/98
520 _aReplaces IP 2/91.
650 _aCONCRETE
650 _aLIMESTONE
650 _aMAGNESIAN LIMESTONES
690 _aBUILT ENVIRONMENT-BUILDING MATERIALS
710 _aBuilding Research Establishment
942 _n0
948 _c24/02/1998
999 _c96951
_d96951